| 000 | 01571nam a2200385Ia 4500 | ||
|---|---|---|---|
| 001 | ebr10159414 | ||
| 003 | CaPaEBR | ||
| 006 | m u | ||
| 007 | cr cn||||||||| | ||
| 008 | 950410s1994 mnu sb s001 0 eng d | ||
| 010 | _z 94010265 | ||
| 020 | _z9780816622771 | ||
| 020 | _z0816622760 (alk. paper) | ||
| 020 | _z0816622779 (pbk. : alk. paper) | ||
| 040 |
_aCaPaEBR _cCaPaEBR |
||
| 035 | _a(OCoLC)191952590 | ||
| 050 | 1 | 4 |
_aPR1933.S35 _bC43 1994eb |
| 082 | 0 | 4 |
_a821/.1 _220 |
| 100 | 1 |
_aChance, Jane, _d1945- |
|
| 245 | 1 | 4 |
_aThe mythographic Chaucer _h[electronic resource] : _bthe fabulation of sexual politics / _cJane Chance. |
| 260 |
_aMinneapolis : _bUniversity of Minnesota Press, _c1994. |
||
| 300 | _axxix, 378 p. | ||
| 504 | _aIncludes bibliographical references and index. | ||
| 533 |
_aElectronic reproduction. _bPalo Alto, Calif. : _cebrary, _d2009. _nAvailable via World Wide Web. _nAccess may be limited to ebrary affiliated libraries. |
||
| 600 | 1 | 0 |
_aChaucer, Geoffrey, _dd. 1400 _xPolitical and social views. |
| 600 | 1 | 0 |
_aChaucer, Geoffrey, _dd. 1400 _xKnowledge _xMythology. |
| 650 | 0 | _aSex role in literature. | |
| 650 | 0 | _aMan-woman relationships in literature. | |
| 650 | 0 | _aSex (Psychology) in literature. | |
| 650 | 0 |
_aSex _xPolitical aspects _zEngland _xHistory. |
|
| 650 | 0 | _aMythology, Classical, in literature. | |
| 655 | 7 |
_aElectronic books. _2local |
|
| 710 | 2 | _aebrary, Inc. | |
| 856 | 4 | 0 |
_uhttp://site.ebrary.com/lib/rucke/Doc?id=10159414 _zAn electronic book accessible through the World Wide Web; click to view |
| 999 |
_c244131 _d244131 |
||